[Event "BL2-Nord 2122"]
[Site "Germany"]
[Date "2022.06.19"]
[Round "8.3"]
[White "Souleidis, Georgios"]
[Black "Kuberczyk, Christoph"]
[Result "1/2-1/2"]
[WhiteElo "2430"]
[BlackElo "2288"]
[PlyCount "79"]
[EventDate "2022.03.05"]
[EventType "team-tourn"]
[EventRounds "10"]
[EventCountry "GER"]
[SourceTitle "EXT 2023"]
[Source "ChessBase"]
[SourceDate "2022.10.05"]
[SourceVersion "1"]
[SourceVersionDate "2022.10.05"]
[SourceQuality "1"]
[WhiteTeam "Hamburger SK II"]
[BlackTeam "Norderstedt"]
[WhiteTeamCountry "GER"]
[BlackTeamCountry "GER"]

1. e4 c5 2. Nf3 Nc6 3. Bc4 e6 4. 0-0 d5 5. Bb5 Bd6 6. Bxc6+ bxc6 7. e5 Bc7 8. d3 Ne7 9. Be3 d4 10. Bg5 0-0 11. Bxe7 Qxe7 12. Nbd2 Kh8 13. Nc4 f5 14. Nfd2 g5 15. Qf3 Bd7 16. Rae1 Rg8 17. Nd6 Raf8 18. N2c4 Rg6 19. Qe2 Qg7 20. f3 g4 21. f4 Rh6 22. g3 Rh3 23. Rf2 h5 24. Rg2 h4 25. Kf2 Qh6 26. Reg1 Kg7 27. Nb7 Bb6 28. a4 Bc8 29. Nbd6 Rh8 30. Kf1 hxg3 31. hxg3 Ba6 32. Qf2 Bc7 33. Ke2 Rh1 34. Kd2 Rxg1 35. Rxg1 Kf8 36. c3 Qh2 37. Rg2 Qh1 38. Rg1 Qh2 39. Rg2 Qh1 40. Rg1 1/2-1/2

[Event "GER-ch Net blitz qual2"]
[Site "Playchess.com INT"]
[Date "2020.03.16"]
[Round "1"]
[White "Winkler, Andreas1111"]
[Black "Kuberczyk, Christoph"]
[Result "0-1"]
[WhiteElo "1433"]
[BlackElo "2350"]
[PlyCount "98"]
[EventDate "2020.03.16"]
[EventType "swiss (blitz)"]
[EventRounds "9"]
[EventCountry "GER"]
[SourceTitle "CBM 195 Extra"]
[Source "ChessBase"]
[SourceDate "2020.05.31"]
[SourceVersion "1"]
[SourceVersionDate "2020.05.31"]
[SourceQuality "1"]

1. e4 c5 2. Nf3 d6 3. d4 cxd4 4. Nxd4 Nf6 5. Nc3 g6 6. Be2 Bg7 7. 0-0 0-0 8. Bg5 Nc6 9. Nxc6 bxc6 10. Qc1 Re8 11. Bh6 Bh8 12. h3 Rb8 13. Bc4 Qa5 14. e5 Qxe5 15. Re1 Qc5 16. Bb3 d5 17. Qd1 e5 18. Na4 Qd6 19. c4 Bf5 20. c5 Qc7 21. Bc2 Bxc2 22. Qxc2 e4 23. b3 Rbd8 24. Rab1 Qe5 25. Qc3 Qxc3 26. Nxc3 Ng4 27. hxg4 Bxc3 28. Re2 d4 29. Rd1 d3 30. Re3 Bd4 31. Rh3 Bxc5 32. Kf1 Bb6 33. Bg5 Rd6 34. Be3 f6 35. Bxb6 axb6 36. a4 c5 37. Re3 Rd4 38. f3 f5 39. gxf5 gxf5 40. f4 Rb4 41. Rdxd3 exd3 42. Rxe8+ Kf7 43. Rd8 Rxb3 44. Ke1 c4 45. g3 Ke7 46. Rd4 c3 47. Rxd3 c2 48. Rxb3 c1Q+ 49. Kf2 Qc2+ 0-1

[Event "Oberliga Nord N 1920"]
[Site "Germany"]
[Date "2019.10.20"]
[Round "2.1"]
[White "Kuberczyk, Christoph"]
[Black "Arndt, Magnus"]
[Result "1-0"]
[WhiteElo "2294"]
[BlackElo "2312"]
[PlyCount "89"]
[EventDate "2019.09.29"]
[EventType "team-tourn"]
[EventRounds "9"]
[EventCountry "GER"]
[SourceTitle "CBM 195 Extra"]
[Source "ChessBase"]
[SourceDate "2020.05.31"]
[SourceVersion "1"]
[SourceVersionDate "2020.05.31"]
[SourceQuality "1"]

1. c4 e6 2. Nf3 Nf6 3. g3 d5 4. Bg2 Be7 5. 0-0 0-0 6. d4 dxc4 7. Qa4 a6 8. Qxc4 b5 9. Qc2 Bb7 10. Bd2 Nbd7 11. Ba5 Bd6 12. Nbd2 Rc8 13. e4 e5 14. Rfe1 Qe8 15. dxe5 Bxe5 16. Nxe5 Qxe5 17. Bc3 Qh5 18. Qd1 Qg6 19. Nf3 Rfe8 20. Nh4 Qg5 21. e5 Bxg2 22. f4 Qg4 23. Kxg2 b4 24. Bxb4 Nxe5 25. Rxe5 Rxe5 26. Qxg4 Nxg4 27. fxe5 Ne3+ 28. Kf3 Nc2 29. Nf5 Re8 30. Ne7+ Kh8 31. Rc1 Nxb4 32. Rxc7 Nxa2 33. Nd5 h6 34. Kf4 Kg8 35. b4 Rb8 36. Rc4 Rb5 37. Ke4 a5 38. Rc5 Rxc5 39. bxc5 Kf8 40. c6 Ke8 41. Kd4 Nc1 42. Kc5 Nb3+ 43. Kb6 Kd8 44. c7+ Kd7 45. Ne7 1-0

[Event "Lueneburg NSV rapid op"]
[Site "Lueneburg"]
[Date "2018.07.14"]
[Round "6"]
[White "Kuberczyk, Christoph"]
[Black "Pfreundt, Jakob"]
[Result "0-1"]
[WhiteElo "2225"]
[BlackElo "2399"]
[PlyCount "82"]
[EventDate "2018.07.14"]
[EventType "swiss (rapid)"]
[EventRounds "9"]
[EventCountry "GER"]
[SourceTitle "CBM 185 Extra"]
[Source "ChessBase"]
[SourceDate "2018.07.29"]
[SourceVersion "1"]
[SourceVersionDate "2018.07.29"]
[SourceQuality "1"]

1. d4 d5 2. c4 e6 3. Nf3 Nf6 4. g3 Be7 5. Bg2 0-0 6. 0-0 dxc4 7. a4 c5 8. Na3 Nc6 9. dxc5 c3 10. Qc2 Bxc5 11. Qxc3 Qe7 12. Bg5 Bb4 13. Qc2 h6 14. Bd2 Bxd2 15. Nxd2 Nd4 16. Qd1 e5 17. e3 Nc6 18. Ndc4 Rd8 19. Qb3 e4 20. Rfd1 Bg4 21. Rxd8+ Rxd8 22. h3 Be2 23. Re1 Bd3 24. Nb5 Qb4 25. Qxb4 Nxb4 26. Ncd6 Rd7 27. Nf5 a6 28. Nc3 Nc2 29. Rd1 Rc7 30. Nd6 Re7 31. Nf5 Re5 32. Nd6 b5 33. axb5 axb5 34. Rd2 b4 35. Ncxe4 Bxe4 36. Nxe4 Nxe4 37. Rxc2 Nf6 38. Rc4 Rb5 39. e4 Nd7 40. f4 Nb6 41. Rc8+ Nxc8 0-1

[Event "Lueneburg IM"]
[Site "Lueneburg"]
[Date "2018.07.11"]
[Round "7"]
[White "Lubbe, Melanie"]
[Black "Kuberczyk, Christoph"]
[Result "1-0"]
[WhiteElo "2332"]
[BlackElo "2225"]
[PlyCount "75"]
[EventDate "2018.07.05"]
[EventType "tourn"]
[EventRounds "9"]
[EventCountry "GER"]
[EventCategory "1"]
[SourceTitle "CBM 185 Extra"]
[Source "ChessBase"]
[SourceDate "2018.07.29"]
[SourceVersion "1"]
[SourceVersionDate "2018.07.29"]
[SourceQuality "1"]

1. e4 Nf6 2. e5 Nd5 3. d4 d6 4. c4 Nb6 5. exd6 cxd6 6. d5 e5 7. Bd3 Be7 8. Ne2 0-0 9. b3 a5 10. Nbc3 Na6 11. 0-0 a4 12. Be3 axb3 13. axb3 Bg5 14. f4 exf4 15. Nxf4 Nd7 16. Ne4 Ne5 17. Nxg5 Qxg5 18. Be4 Re8 19. Bd2 Ng4 20. Qf3 Qe5 21. Bc3 Qxe4 22. Rae1 Ne3 23. Bd2 Bd7 24. Rxe3 Qxf3 25. Rexf3 b5 26. Rg3 Bf5 27. Bc3 Bg6 28. h4 Nc5 29. Bd4 Ne4 30. Re3 Nd2 31. Rfe1 Rxe3 32. Bxe3 Nxb3 33. cxb5 Nc5 34. Bxc5 dxc5 35. b6 Kf8 36. Nxg6+ fxg6 37. d6 Rd8 38. b7 1-0

[Event "Lueneburg IM"]
[Site "Lueneburg"]
[Date "2018.07.05"]
[Round "2"]
[White "Kuberczyk, Christoph"]
[Black "Polster, Christian"]
[Result "0-1"]
[WhiteElo "2225"]
[BlackElo "2286"]
[PlyCount "170"]
[EventDate "2018.07.05"]
[EventType "tourn"]
[EventRounds "9"]
[EventCountry "GER"]
[EventCategory "1"]
[SourceTitle "CBM 185 Extra"]
[Source "ChessBase"]
[SourceDate "2018.07.29"]
[SourceVersion "1"]
[SourceVersionDate "2018.07.29"]
[SourceQuality "1"]

1. d4 Nf6 2. c4 e6 3. Nf3 c5 4. Nc3 a6 5. g3 cxd4 6. Nxd4 Nc6 7. Bg2 Be7 8. 0-0 0-0 9. Bf4 d5 10. cxd5 exd5 11. Rc1 Re8 12. Na4 Bd7 13. Nb3 Bg4 14. h3 Bf5 15. Nbc5 b6 16. Nb3 Rc8 17. Be3 b5 18. Nb6 Rc7 19. Nxd5 Rd7 20. Nxe7+ Nxe7 21. Qe1 Ned5 22. Bd2 Be4 23. Ba5 Qa8 24. f3 Bd3 25. Rf2 Rde7 26. e4 Nxe4 27. fxe4 Bxe4 28. Bxe4 Rxe4 29. Qd2 Ne3 30. Qd7 R4e7 31. Qd4 Nc4 32. Bc3 Ne5 33. Rcf1 Rd7 34. Qf4 f6 35. Bxe5 Rxe5 36. Qf3 Qe8 37. Kh2 Re3 38. Qg4 h5 39. Qf4 Re4 40. Qf3 Re3 41. Qf4 Re4 42. Qc1 h4 43. Rg1 Re3 44. Rfg2 Rdd3 45. Qc7 Re7 46. Qf4 Re4 47. Qf5 Ree3 48. Nc1 hxg3+ 49. Kh1 Rd4 50. Rxg3 Rxg3 51. Rxg3 Qc6+ 52. Qf3 Rd1+ 53. Kh2 Rxc1 54. Qxc6 Rxc6 55. Rd3 Kf7 56. Kg3 Ke6 57. Re3+ Kf5 58. Kf3 g5 59. Rd3 Rc5 60. Ra3 Rc6 61. Re3 a5 62. Rb3 Rc5 63. Re3 Rc4 64. a3 Rf4+ 65. Kg3 Re4 66. Rc3 Rc4 67. Re3 b4 68. Kf3 Rf4+ 69. Kg3 Re4 70. Rd3 bxa3 71. bxa3 Ke5 72. Kf3 Rf4+ 73. Kg3 Rd4 74. Re3+ Re4 75. Rd3 f5 76. Rb3 Kd4 77. Kf3 f4 78. Kg4 Re3 79. Rb5 Rg3+ 80. Kh5 f3 81. Rf5 Ke3 82. Re5+ Kf4 83. Rxa5 Rxh3+ 84. Kg6 f2 85. Rxg5 Rf3 0-1

[Event "Hamburg-ch MA"]
[Site "Hamburg"]
[Date "2018.05.25"]
[Round "7"]
[White "Bracker, Arne"]
[Black "Kuberczyk, Christoph"]
[Result "1/2-1/2"]
[WhiteElo "2218"]
[BlackElo "2244"]
[PlyCount "114"]
[EventDate "2018.05.01"]
[EventType "swiss"]
[EventRounds "9"]
[EventCountry "GER"]
[SourceTitle "EXT 2020"]
[Source "ChessBase"]
[SourceDate "2019.10.17"]
[SourceVersion "1"]
[SourceVersionDate "2019.10.17"]
[SourceQuality "1"]

1. e4 c5 2. Nf3 d6 3. Bb5+ Nd7 4. 0-0 a6 5. Bd3 Ngf6 6. Re1 e6 7. c3 b5 8. Bc2 c4 9. a4 Bb7 10. d4 cxd3 11. Qxd3 Be7 12. axb5 axb5 13. Na3 0-0 14. b4 Qc8 15. Bg5 Rd8 16. Qe3 Ng4 17. Qf4 Bxg5 18. Nxg5 Nge5 19. Nxb5 Qc6 20. Rxa8 Rxa8 21. Nd4 Qxc3 22. Qe3 Qxe3 23. fxe3 h6 24. Ngf3 Rc8 25. Bb1 Kf8 26. h3 Ke7 27. Rd1 Nf6 28. Nb5 Nxf3+ 29. gxf3 d5 30. e5 Nd7 31. f4 Rc4 32. Bd3 Rxb4 33. Ra1 Nc5 34. Bf1 Ba6 35. Nd4 Rb6 36. Ra5 Bxf1 37. Rxc5 Bxh3 38. Rc7+ Ke8 39. Kf2 g6 40. Rc5 Kf8 41. Nb5 g5 42. Nd6 Bg4 43. Rc7 Bh5 44. f5 exf5 45. Nxf5 Kg8 46. Ne7+ Kg7 47. Nxd5 Re6 48. Nf6 Kg6 49. Rc5 Bd1 50. e4 h5 51. Kg3 h4+ 52. Kh3 Rb6 53. Rc8 Rb3+ 54. Kh2 Rb2+ 55. Kh3 Rb3+ 56. Kh2 Rb2+ 57. Kh3 Rb3+ 1/2-1/2

[Event "Hamburg-chT Landesliga 1617"]
[Site "Hamburg"]
[Date "2017.05.13"]
[Round "8.3"]
[White "Schroeder, Christoph"]
[Black "Kuberczyk, Christoph"]
[Result "1/2-1/2"]
[WhiteElo "2174"]
[BlackElo "2179"]
[PlyCount "64"]
[EventDate "2016.10.16"]
[EventType "team-tourn"]
[EventRounds "9"]
[EventCountry "GER"]
[SourceTitle "EXT 2022"]
[Source "ChessBase"]
[SourceDate "2021.10.06"]
[SourceVersion "1"]
[SourceVersionDate "2021.10.06"]
[SourceQuality "1"]
[WhiteTeam "Johanneum Eppendorf"]
[BlackTeam "Harburg Diagonale"]
[WhiteTeamCountry "GER"]
[BlackTeamCountry "GER"]

1. e4 c5 2. Nf3 d6 3. d4 cxd4 4. Qxd4 Nc6 5. Bb5 Bd7 6. Bxc6 Bxc6 7. c4 Nf6 8. Nc3 g6 9. 0-0 Bg7 10. Qd3 0-0 11. Nd4 Rc8 12. b3 Qa5 13. Bb2 a6 14. Nd5 Bxd5 15. exd5 b5 16. Nc6 Qc7 17. cxb5 axb5 18. Qxb5 Nxd5 19. Bxg7 Kxg7 20. Qxd5 Qxc6 21. Qxc6 Rxc6 22. Rfc1 Rxc1+ 23. Rxc1 Kf6 24. Kf1 d5 25. Ke2 Ke5 26. Kd3 Kd6 27. a4 Rb8 28. Kc3 Rc8+ 29. Kb2 Rxc1 30. Kxc1 Kc5 31. a5 Kb5 32. b4 e5 1/2-1/2

[Event "Hamburg CC Easter op 3rd"]
[Site "Hamburg"]
[Date "2017.04.17"]
[Round "7"]
[White "Hinrichs, Jan"]
[Black "Kuberczyk, Christoph"]
[Result "1-0"]
[WhiteElo "2190"]
[BlackElo "2179"]
[PlyCount "81"]
[EventDate "2017.04.14"]
[EventType "swiss"]
[EventRounds "7"]
[EventCountry "GER"]
[SourceTitle "CBM 177 Extra"]
[Source "ChessBase"]
[SourceDate "2017.04.27"]
[SourceVersion "1"]
[SourceVersionDate "2017.04.27"]
[SourceQuality "1"]

1. Nf3 g6 2. g3 Bg7 3. Bg2 Nf6 4. b3 0-0 5. Bb2 c5 6. c4 d5 7. cxd5 Qxd5 8. 0-0 Qh5 9. Re1 Bh3 10. Bh1 Nc6 11. d3 Rac8 12. Qc1 Bg4 13. Nbd2 Rfd8 14. Qc4 Nd4 15. Bxd4 cxd4 16. Qb4 Rc7 17. Qa4 Nd5 18. Qxa7 Nc3 19. Qa3 Bh6 20. Qb2 Nxe2+ 21. Rxe2 Bxd2 22. Qxd2 Bxf3 23. Bxf3 Qxf3 24. Rae1 e6 25. Re4 Rc3 26. Qg5 Rdc8 27. Rf4 Qxd3 28. Qf6 Rf8 29. Rxd4 Qf5 30. Qxf5 gxf5 31. Rd7 Ra8 32. Re2 Ra7 33. Kg2 Kg7 34. Rxe6 Rxa2 35. Re5 f4 36. Rf5 fxg3 37. Rfxf7+ Kg6 38. Rg7+ Kf6 39. Rxg3 Rxg3+ 40. hxg3 b5 41. Rd5 1-0

[Event "Hamburg HSK op"]
[Site "Hamburg"]
[Date "2016.12.30"]
[Round "7"]
[White "Kuberczyk, Christoph"]
[Black "Colpe, Malte"]
[Result "0-1"]
[WhiteElo "2178"]
[BlackElo "2403"]
[PlyCount "73"]
[EventDate "2016.12.27"]
[EventType "swiss"]
[EventRounds "7"]
[EventCountry "GER"]
[SourceTitle "CBM 176 Extra"]
[Source "ChessBase"]
[SourceDate "2017.03.02"]
[SourceVersion "1"]
[SourceVersionDate "2017.03.02"]
[SourceQuality "1"]

1. d4 e6 2. Nf3 c5 3. e4 cxd4 4. Nxd4 a6 5. c4 Nf6 6. Nc3 Bb4 7. e5 Ne4 8. Qg4 Qa5 9. Qxg7 Rf8 10. Bh6 Nxc3 11. bxc3 Bxc3+ 12. Kd1 Qa3 13. Nb3 d5 14. Rc1 Bb2 15. Rc2 Nd7 16. cxd5 Bxe5 17. Qxh7 Rh8 18. Qe4 Rxh6 19. dxe6 Rxe6 20. Bc4 Re7 21. Re1 Nf6 22. Qh4 Bg4+ 23. f3 0-0-0+ 24. Nd2 Bd7 25. Rxe5 Rxe5 26. Qxf6 Rc5 27. Qxf7 Ba4 28. Bb3 Rxc2 29. Qf5+ Kb8 30. Qxc2 Bxb3 31. Qxb3 Qd6 32. Qe3 Qxh2 33. g4 Ka8 34. g5 Qg2 35. f4 Qg4+ 36. Kc2 Rf8 37. Qe4 0-1

[Event "Hamburg HSK op"]
[Site "Hamburg"]
[Date "2016.12.29"]
[Round "6"]
[White "Parvanyan, Ashot"]
[Black "Kuberczyk, Christoph"]
[Result "1/2-1/2"]
[WhiteElo "2359"]
[BlackElo "2178"]
[PlyCount "43"]
[EventDate "2016.12.27"]
[EventType "swiss"]
[EventRounds "7"]
[EventCountry "GER"]
[SourceTitle "CBM 176 Extra"]
[Source "ChessBase"]
[SourceDate "2017.03.02"]
[SourceVersion "1"]
[SourceVersionDate "2017.03.02"]
[SourceQuality "1"]

1. Nf3 Nf6 2. c4 e6 3. g3 d5 4. Bg2 dxc4 5. 0-0 a6 6. a4 Nc6 7. a5 Qd5 8. Nc3 Qh5 9. Qa4 Bd6 10. Nd4 0-0 11. Nxc6 bxc6 12. Qxc4 Rb8 13. Ra4 c5 14. Bf3 Qh3 15. d3 Rb4 16. Rxb4 cxb4 17. Ne4 Nxe4 18. dxe4 e5 19. Bd2 Qe6 20. Qd5 Bd7 21. Rc1 Rb8 22. e3 1/2-1/2

[Event "Hamburg-chT Landesliga 1516"]
[Site "Hamburg"]
[Date "2016.04.24"]
[Round "9.3"]
[White "Kuberczyk, Christoph"]
[Black "Schuetze, Wolf Thomas"]
[Result "1-0"]
[WhiteElo "2157"]
[BlackElo "2086"]
[PlyCount "65"]
[EventDate "2015.09.20"]
[EventType "team-tourn"]
[EventRounds "9"]
[EventCountry "GER"]
[SourceTitle "EXT 2022"]
[Source "ChessBase"]
[SourceDate "2021.10.06"]
[SourceVersion "1"]
[SourceVersionDate "2021.10.06"]
[SourceQuality "1"]
[WhiteTeam "Harburg Diagonale"]
[BlackTeam "St Pauli II"]
[WhiteTeamCountry "GER"]
[BlackTeamCountry "GER"]

1. Nf3 c5 2. e4 d6 3. d4 cxd4 4. Nxd4 Nf6 5. Nc3 a6 6. Bg5 e6 7. f4 h6 8. Bh4 Qc7 9. Qf3 Nc6 10. Bxf6 gxf6 11. 0-0-0 h5 12. f5 Ne5 13. Qf2 Ng4 14. Qe2 Bh6+ 15. Kb1 Ne3 16. Rd3 Ng4 17. Rh3 Bf8 18. Rh4 Qc5 19. h3 Qxd4 20. hxg4 Qe5 21. Rxh5 Rxh5 22. Rxh5 Qf4 23. Qf3 Qd2 24. Qd1 Qf4 25. Qf3 Qd2 26. Bd3 Bd7 27. Rh1 Qg5 28. fxe6 fxe6 29. e5 Bc6 30. Qxf6 Qxf6 31. exf6 Kf7 32. g5 e5 33. Bf5 1-0

[Event "Hamburg HSK Christmas op 1st"]
[Site "Hamburg"]
[Date "2015.12.29"]
[Round "7"]
[White "Kuberczyk, Christoph"]
[Black "Reddmann, Hauke"]
[Result "1/2-1/2"]
[WhiteElo "2160"]
[BlackElo "2247"]
[PlyCount "21"]
[EventDate "2015.12.27"]
[EventType "swiss"]
[EventRounds "7"]
[EventCountry "GER"]
[SourceTitle "EXT 2022"]
[Source "ChessBase"]
[SourceDate "2021.10.06"]
[SourceVersion "1"]
[SourceVersionDate "2021.10.06"]
[SourceQuality "1"]

1. Nf3 Nf6 2. c4 e6 3. g3 d5 4. Bg2 c6 5. 0-0 Bd6 6. d4 0-0 7. Qc2 Nbd7 8. Rd1 Ne4 9. b3 Qe7 10. Bb2 f5 11. Nbd2 1/2-1/2

[Event "Bargteheide op"]
[Site "Bargteheide"]
[Date "2014.05.31"]
[Round "5"]
[White "Michna, Marta"]
[Black "Kuberczyk, Christoph"]
[Result "1-0"]
[WhiteElo "2336"]
[BlackElo "2105"]
[PlyCount "125"]
[EventDate "2014.05.29"]
[EventType "swiss"]
[EventRounds "7"]
[EventCountry "GER"]
[SourceTitle "CBM 160 Extra"]
[Source "ChessBase"]
[SourceDate "2014.07.01"]
[SourceVersion "1"]
[SourceVersionDate "2014.07.01"]
[SourceQuality "1"]

1. d4 d5 2. Bf4 c5 3. e3 Nc6 4. c3 Nf6 5. Nd2 Bf5 6. Qb3 Qb6 7. dxc5 Qxb3 8. axb3 e5 9. Bg3 Bxc5 10. Ngf3 d4 11. b4 dxe3 12. fxe3 Bb6 13. Nc4 Bc7 14. b5 Ne7 15. b6 Bb8 16. Bxe5 Bxe5 17. Ncxe5 Ned5 18. Nd4 Be4 19. bxa7 0-0 20. Nc4 Rfd8 21. h3 Rd7 22. Nb5 Ne8 23. Rd1 Nec7 24. Nxc7 Rxc7 25. Nd6 Nf6 26. Nxe4 Nxe4 27. Bd3 Ng3 28. Rg1 h5 29. Kf2 h4 30. Ra1 b6 31. Ra4 Rd7 32. Rd1 g6 33. Rxh4 Nf5 34. Ra4 Ne7 35. Be2 Rdxa7 36. Rxa7 Rxa7 37. Rd6 Rb7 38. Rd8+ Kg7 39. Bf3 Rc7 40. g4 Rc5 41. h4 f5 42. g5 Kf7 43. Rd6 b5 44. Rf6+ Kg7 45. Rb6 Rc4 46. Rb7 Kf8 47. Rxb5 Rxh4 48. Kg3 Rc4 49. Re5 Kf7 50. Be2 Rc8 51. e4 fxe4 52. Bg4 Rb8 53. b4 Rd8 54. Be6+ Kf8 55. Kf4 Rd3 56. Rxe4 Rxc3 57. Ke5 Rc6 58. Bd7 Rb6 59. b5 Nf5 60. Bc6 Rb8 61. Kf6 Nd6 62. Rh4 Nf7 63. Rh7 1-0

[Event "Bargteheide op"]
[Site "Bargteheide"]
[Date "2014.05.30"]
[Round "3"]
[White "Boe, Mads"]
[Black "Kuberczyk, Christoph"]
[Result "1/2-1/2"]
[WhiteElo "2361"]
[BlackElo "2105"]
[PlyCount "68"]
[EventDate "2014.05.29"]
[EventType "swiss"]
[EventRounds "7"]
[EventCountry "GER"]
[SourceTitle "CBM 160 Extra"]
[Source "ChessBase"]
[SourceDate "2014.07.01"]
[SourceVersion "1"]
[SourceVersionDate "2014.07.01"]
[SourceQuality "1"]

1. e4 c5 2. c3 d5 3. exd5 Qxd5 4. d4 Nf6 5. Be3 cxd4 6. cxd4 e6 7. Nc3 Bb4 8. Nf3 0-0 9. Bd3 b6 10. 0-0 Bxc3 11. bxc3 Ba6 12. Bxa6 Nxa6 13. Qe2 Nb8 14. c4 Qf5 15. Rac1 Rc8 16. Rfd1 Nbd7 17. h3 Rc7 18. g4 Qe4 19. Nd2 Qg6 20. f3 h5 21. Bf4 Rc6 22. Nf1 Rac8 23. Kf2 Nf8 24. a4 Qh7 25. Nd2 Ng6 26. Bg3 Qh6 27. Qe3 Qxe3+ 28. Kxe3 Nd5+ 29. Kd3 Ngf4+ 30. Bxf4 Nxf4+ 31. Ke3 Nd5+ 32. Kd3 Nf4+ 33. Ke3 Nd5+ 34. Kd3 Nf4+ 1/2-1/2

[Event "Hamburg-chT Landesliga 1314"]
[Site "Hamburg"]
[Date "2014.04.12"]
[Round "8.3"]
[White "Kuberczyk, Christoph"]
[Black "Hinrichs, Lars"]
[Result "1/2-1/2"]
[WhiteElo "2099"]
[BlackElo "1997"]
[PlyCount "77"]
[EventDate "2013.10.13"]
[EventType "team-tourn"]
[EventRounds "9"]
[EventCountry "GER"]
[SourceTitle "EXT 2022"]
[Source "ChessBase"]
[SourceDate "2021.10.06"]
[SourceVersion "1"]
[SourceVersionDate "2021.10.06"]
[SourceQuality "1"]
[WhiteTeam "Harburg Diagonale"]
[BlackTeam "Hamburger SK V"]
[WhiteTeamCountry "GER"]
[BlackTeamCountry "GER"]

1. e4 e6 2. d3 d5 3. Nd2 Nf6 4. Ngf3 Nc6 5. Be2 Bc5 6. 0-0 0-0 7. c3 dxe4 8. dxe4 e5 9. b4 Bd6 10. Qc2 Nd7 11. Nc4 Nb6 12. Nxd6 cxd6 13. Rd1 Qc7 14. b5 Na5 15. c4 Bg4 16. Ba3 Rfd8 17. c5 dxc5 18. Qxc5 Qxc5 19. Bxc5 f6 20. Bb4 Nac4 21. a4 Nb2 22. Rxd8+ Rxd8 23. a5 N6a4 24. Kf1 Bxf3 25. gxf3 Rd4 26. Be1 Kf7 27. Rc1 Rd7 28. Bb4 Ke6 29. f4 g6 30. Rc8 exf4 31. Bg4+ f5 32. exf5+ gxf5 33. Re8+ Kf7 34. Rf8+ Kg7 35. Rxf5 Rf7 36. Rg5+ Kf6 37. Rf5+ Kg7 38. Rg5+ Kf6 39. Rf5+ 1/2-1/2